Ivan Kováčik Na bíne č. 52

Bibliographic Details
Main Author: D.V (Author)
Format: Article
Language:Slovak
Subjects:

MARC

LEADER 00000nab a2200000 a 4500
001 vtls000509205
003 SK-MaSNL
005 20260303193000.0
008 160216c1994 xo 0 slo
015 |a SNBRB19rr/mm-uuuuu 
035 |a CL0509343 
040 |a SNKBUCL  |b slo  |c SNKBUCL  |e AACR2 
041 0 |a slo 
044 |a xo  |c SK 
080 |a 741.5.071.1  |2 1981 
080 |a 76.071.1  |2 1981 
080 |a 929 Kováčik, Ivan  |2 1981 
100 1 |a D.V.  |4 aut  |9 943276 
245 1 0 |a Ivan Kováčik  |b Na bíne č. 52  |c D.V. 
600 1 7 |a Kováčik, Ivan,  |d 1959-  |2 snkbucl  |9 25363 
655 7 |a články z novín a časopisov  |2 snkbucl  |9 267496 
773 0 |t Javisko  |g Roč. 26, č. 2 (1994), s. 47 
850 |a Slovenská národná knižnica v Martine  |a MTA001 
852 |a SNK  |b KIS3GCP 
958 |a BX 
958 |a RK 
992 |a RBX 
999 |c 2149821  |d 2151751